LEADER 01042nam a2200193 i 4500 001 000000236434 003 CaOOAMICUS 005 20141202000000.0 008 141202s1754 it u000 u ita u 013 $a215338 026 $a79i- ali- o.s. "C"d (3) 1754 (R) 040 $aSeMil$bita 245 10$aTomo 2. 300 $aVIII, 288 p. 500 $aSegn. : pigreco4 A-2N4. - Contiene, alle p. 275-278: Pompa funerale celebrata dal cardinale Alessandro Montalto nella trasportazione del'ossa di Sisto quinto ... estratta da Baldo Catani e alle p. 279-282: Laelii Peregrini theologi ... Oratio funebris de Sixto 5. pont. max. 773 0 $tStoria della vita e geste di Sisto quinto sommo pontefice dell'ordine de' minori conventuali di san Francesco, scritta dal p.m. Casimiro Tempesti del medesimo ordine. Tomo 1. [-2.].$dIn Roma : A spese de' Remondini di Venezia, 1754.$g2$w()31060 850 $aSeMil 852 $aSeMil$W1$xVenegono$y1$m3A IV 42 FA$j186780$B186780$CSeMilBibl$Z2$F197486 $8I 996 $6245$aTomo 2$9(OLS)http://semarc/title/49331 LEADER 01155nam a2200241 i 4500 001 000000031815 003 CaOOAMICUS 005 20220322124537.0 008 180830s1713 fr u000 u fre u 040 $aSeMil$bita 100 1 $aFlechier, Ésprit,$d<1632-1710>.$0(OLS)http://semarc/name/4328 245 10$aSermons de morale, prêchez devant le roy, par m. Flechier evêque de Nîmes avec ses discours synodaux, & autres sermons ... 260 $aA Lyon :$bChez Anisson & Posuel,$c1713. 300 $a2 v. ;$c12°. 500 $aFregi xilogr. 650 4$aPrediche, omelie, sermoni - Sec. 18.-19.$0(OLS)http://semarc/subject/5107 700 1 $aAnisson, Jacques$b.$0(OLS)http://semarc/name/12286 700 0 $aPosuel, Jean,$c.$0(OLS)http://semarc/name/3063 774 0 $tTome 1.$g1$w()241405 774 0 $tTome 2.$g2$w()241406 996 $6245$aSermons de morale, prêchez devant le roy, par m. Flechier evêque de Nîmes avec ses discours synodaux, & autres sermons ...$9(OLS)http://semarc/title/43161 996 $6260$aA Lyon :$bChez Anisson & Posuel$9(OLS)http://semarc/publisher/39025